000 00613nam a2200193Ia 4500
003 GCL
008 140319s9999 xx 000 0 ara d
040 _aGCL /
_cGCL
082 0 4 _aط
_b823.087
_bل ن
100 1 _aلندن، جاك
245 1 0 _aنداء البرارى /
_cلندن، جاك
700 1 _aصبرى الفضل (مترجم)
260 _a[S.N] :
_bالهيئة المصرية العامة للكتاب ،
_c1994
300 _a211
490 _aمن روائع الادب العالمى للناشئين
_v0
650 0 4 _aالاطفال
650 0 4 _aقصص الاطفال
942 _2ddc
_cBK
999 _c34993
_d34993